000 00264nam a2200109Ia 4500
008 230320s9999||||xx |||||||||||||| ||spa||
082 _a301.1/S68S
100 _aSorokin, Pitirim
245 0 _aSociedad, Cultura Y Personalidad
260 _bAguilar
942 _80
_cLIB
999 _c27979
_d27979